[Event "Oberliga NRW 0203 I"]
[Site "Germany"]
[Date "2003.04.06"]
[Round "8.4"]
[White "Wolf, Ulrich Martin"]
[Black "Grosskopf, Lars"]
[Result "1/2-1/2"]
[WhiteElo "2201"]
[BlackElo "2142"]
[PlyCount "123"]
[EventDate "2002.10.06"]
[EventType "team"]
[EventRounds "9"]
[EventCountry "GER"]
[SourceTitle "EXT 2004"]
[Source "ChessBase"]
[SourceDate "2003.11.25"]
[SourceVersion "1"]
[SourceVersionDate "2003.11.25"]
[SourceQuality "1"]
[WhiteTeam "Dortmund Hansa"]
[BlackTeam "Minden"]
[WhiteTeamCountry "GER"]
[BlackTeamCountry "GER"]

1. Nf3 d5 2. g3 Nf6 3. Bg2 Bg4 4. 0-0 Nbd7 5. d3 e6 6. Nbd2 Be7 7. Qe1 c6 8. e4 dxe4 9. dxe4 Qc7 10. Nc4 Bxf3 11. Bxf3 Ne5 12. Nxe5 Qxe5 13. Bf4 Qc5 14. Qe2 0-0 15. Be3 Qa5 16. Bd2 Qb6 17. Bc3 Rfd8 18. a3 Rd7 19. b4 Rad8 20. Qc4 Ne8 21. e5 Nc7 22. Be4 Qb5 23. Qb3 Qe2 24. Rae1 Qh5 25. Bb2 Nb5 26. Qe3 g6 27. Bd3 a6 28. Kg2 Nd4 29. h3 Nf5 30. Qe4 Qh6 31. g4 Nh4+ 32. Kh2 g5 33. f4 Ng6 34. f5 Nf4 35. Rf3 Qh4 36. Ref1 Bf8 37. Bc3 Bg7 38. Be1 Qh6 39. Bf2 Rd5 40. f6 Bf8 41. Re1 Ng6 42. Bg3 Rd4 43. Qe2 Rxg4 44. Bxg6 hxg6 45. Rd3 Rgd4 46. Rxd4 Rxd4 47. Rd1 Rxd1 48. Qxd1 Qh5 49. Qg4 a5 50. Be1 axb4 51. axb4 c5 52. c3 Qxg4 53. hxg4 cxb4 54. cxb4 Bh6 55. Kg2 Kf8 56. Kf3 Ke8 57. Ke4 Kd7 58. Kd4 Kc6 59. Kc4 Bf8 60. Bd2 b5+ 61. Kd4 Kb6 62. Be1 1/2-1/2

[Event "Oberliga NRW 0203 I"]
[Site "Germany"]
[Date "2002.12.08"]
[Round "3.5"]
[White "Stork, Ivo"]
[Black "Grosskopf, Lars"]
[Result "1-0"]
[WhiteElo "2380"]
[BlackElo "2142"]
[PlyCount "79"]
[EventDate "2002.10.06"]
[EventType "team"]
[EventRounds "9"]
[EventCountry "GER"]
[SourceTitle "EXT 2004"]
[Source "ChessBase"]
[SourceDate "2003.11.25"]
[SourceVersion "1"]
[SourceVersionDate "2003.11.25"]
[SourceQuality "1"]
[WhiteTeam "Krefeld"]
[BlackTeam "Minden"]
[WhiteTeamCountry "GER"]
[BlackTeamCountry "GER"]

1. d4 Nf6 2. c4 g6 3. Nc3 d5 4. Bf4 c6 5. e3 Bg7 6. h3 0-0 7. Nf3 Nbd7 8. Rc1 Qa5 9. Qb3 dxc4 10. Bxc4 Nb6 11. Be2 Be6 12. Qc2 Nbd5 13. Be5 Nxc3 14. bxc3 Qxa2 15. Qxa2 Bxa2 16. c4 a5 17. Nd2 a4 18. Bf3 Nd7 19. Bxg7 Kxg7 20. 0-0 e5 21. Rc2 Bb3 22. Rc3 exd4 23. exd4 Nb6 24. Rb1 Rfd8 25. Nxb3 axb3 26. Rbxb3 Ra1+ 27. Kh2 Na4 28. Rd3 Rd7 29. Rd2 Rc1 30. Be2 Nc5 31. Re3 f5 32. f3 f4 33. Ra3 Kf6 34. h4 Rb1 35. d5 cxd5 36. cxd5 Ke5 37. Bc4 Re1 38. Ra8 Kd6 39. Rf8 Rc1 40. Be2 1-0

[Event "Werther Schloss op-A 8th"]
[Site "Werther"]
[Date "2002.03.22"]
[Round "1"]
[White "Geisler, Reinhard"]
[Black "Grosskopf, Lars"]
[Result "0-1"]
[WhiteElo "1909"]
[BlackElo "2130"]
[PlyCount "76"]
[EventDate "2002.03.22"]
[EventType "swiss"]
[EventRounds "5"]
[EventCountry "GER"]
[SourceTitle "CBM 087 Extra"]
[Source "ChessBase"]
[SourceDate "2002.05.03"]
[SourceVersion "2"]
[SourceVersionDate "2002.08.09"]
[SourceQuality "1"]

1. c4 Nf6 2. Nc3 d5 3. cxd5 Nxd5 4. e4 Nxc3 5. bxc3 c5 6. d4 g6 7. Bc4 Bg7 8. Ne2 0-0 9. 0-0 Nc6 10. Be3 Qc7 11. f4 Bg4 12. h3 Bxe2 13. Bxe2 Rfd8 14. e5 e6 15. Qc2 cxd4 16. cxd4 Qb6 17. Qb1 Nxd4 18. Qxb6 Nxe2+ 19. Kf2 axb6 20. Kxe2 Rdc8 21. Rfd1 f6 22. Rd2 fxe5 23. fxe5 Bxe5 24. Rb1 Bc3 25. Rc2 Ba5 26. Rcb2 Rc7 27. g4 Rc3 28. Rb3 Rc2+ 29. Kf3 Rxa2 30. Bxb6 Rf8+ 31. Kg3 Bxb6 32. Rxb6 Ra3+ 33. R6b3 Rxb3+ 34. Rxb3 Rf7 35. Rb6 Re7 36. Kf4 Kf7 37. Ke5 Rc7 38. Rxe6 Rc5+ 0-1